000 01367nam a22002777a 4500
999 _c7911
_d7911
003 AR-CdUCM
008 190321b ||||| |||| 00| 0 spa d
040 _aMUNICIPALIDAD PROVINCIAL DEL CUSCO
_cBIBLIOTECA MUNICIPAL DEL CUSCO
082 _a086.985 /
_bC81
110 _aComisión nacional del bicentenario de la rebelión emancipadora de Tupac Amaru
_922367
245 _aColección documental del bicentenario de la revolución emancipadora de Tupac Amaru /
260 _aLima :
_bComisión nacional del bicentenario de la rebelión emancipadora de Tupac Amaru,
_c1980.
300 _a5 tomos ;
_c21 cm.
440 _aColección documental del bicentenario de la revolución emancipadora de Tupac Amaru
_922368
505 _aContenido: t.1.- Documentos varios del Archivo general de indias -- t.2.- Descargos del Obispo del Cuzco Juan Manuel Moscoso y Peralta -- t.3.- Los procesos a Túpac Amaru y sus compañeros I -- t.4.- Los procesos a Túpac Amaru y sus compañeros II -- t.5.- Los procesos a Túpac Amaru y sus compañeros III.
650 _aDocumentos.
_97186
650 _aArchivo general de Indias.
_922369
650 _aCuzco.
_97693
650 _aRevolución.
_9844
650 _aLegajos.
_94168
650 _aIndependencia.
_9625
650 _aTupac Amaru.
_9623
700 _aDurand Florez, Luis
_922370
942 _2ddc
_cLIBROS
945 _awfj